000 00474nam a2200169Ia 4500
003 LK-CoDNM
008 010623t1991 xxu||||| |||| 00| 1 eng d
040 _aLK-CoDNM
_dLK-CoDNM
_eLK-CoDNM
041 _aeng
080 _a343.57
_bPER
100 _aPereira,Ravi
245 _aNDDCB Handbook Of Drug Abuse Information Sri Lanka (1981-1989)
260 _bNational Dangerous Drugs Control Board
_aColombo
_c1991
300 _bp.53, 28 cm
650 _aAlcohol
942 _cBK
999 _c115018
_d115018